[Event "Adelaide Queen's Birthday op"]
[Site "Adelaide"]
[Date "2009.06.07"]
[Round "6"]
[White "Kramer, Warren"]
[Black "Stockhausen, Mark"]
[Result "0-1"]
[WhiteElo "1335"]
[BlackElo "1811"]
[PlyCount "72"]
[EventDate "2009.06.06"]
[EventType "swiss"]
[EventRounds "6"]
[EventCountry "AUS"]
[SourceTitle "EXT 2023"]
[Source "ChessBase"]
[SourceDate "2022.10.05"]
[SourceVersion "1"]
[SourceVersionDate "2022.10.05"]
[SourceQuality "1"]

1. d4 c5 2. d5 e5 3. c4 Nf6 4. Nc3 d6 5. Bg5 a6 6. f4 h6 7. Bh4 exf4 8. Nf3 g5 9. Bf2 Bf5 10. e3 fxe3 11. Bxe3 Bg7 12. Be2 Nbd7 13. 0-0 Bg4 14. Nd2 Bxe2 15. Qxe2 Ne5 16. Bxc5 0-0 17. Bd4 Re8 18. Bxe5 Rxe5 19. Qf3 Qb6+ 20. Kh1 Rae8 21. Rab1 Qd4 22. Rbd1 Qh4 23. Nde4 Nxe4 24. Qxf7+ Kh7 25. Nxe4 Qxe4 26. Qxb7 Qxc4 27. Qd7 Qc5 28. h3 R8e7 29. Qc6 Rc7 30. Qxa6 Rxd5 31. Rb1 Rd2 32. b4 Qd5 33. Rg1 Rcc2 34. Qf1 Rf2 35. Qd1 Rxg2 36. Qxd5 Rh2# 0-1

[Event "Adelaide Queen's Birthday op"]
[Site "Adelaide"]
[Date "2009.06.07"]
[Round "4"]
[White "Mdinaradze, Edgar"]
[Black "Stockhausen, Mark"]
[Result "1-0"]
[WhiteElo "1853"]
[BlackElo "1811"]
[PlyCount "59"]
[EventDate "2009.06.06"]
[EventType "swiss"]
[EventRounds "6"]
[EventCountry "AUS"]
[SourceTitle "EXT 2023"]
[Source "ChessBase"]
[SourceDate "2022.10.05"]
[SourceVersion "1"]
[SourceVersionDate "2022.10.05"]
[SourceQuality "1"]

1. d4 g6 2. c4 Bg7 3. Nc3 e6 4. Nf3 Ne7 5. h4 d5 6. h5 dxc4 7. Bg5 f6 8. h6 fxg5 9. hxg7 Rg8 10. Rxh7 Nf5 11. Rh8 Kf7 12. g4 Nd6 13. Qc2 Kxg7 14. Rxg8+ Qxg8 15. Ne5 Qe8 16. Bg2 Nd7 17. 0-0-0 c6 18. Qd2 Qe7 19. Be4 Nf8 20. e3 Nf7 21. Nxc4 Nd6 22. Ne5 Nxe4 23. Nxe4 Bd7 24. Qc2 Be8 25. f3 Nd7 26. Qh2 Nxe5 27. Qxe5+ Kg8 28. Rh1 Qg7 29. Nf6+ Kf8 30. Rh7 1-0

[Event "Adelaide Queen's Birthday op"]
[Site "Adelaide"]
[Date "2009.06.06"]
[Round "1"]
[White "Stockhausen, Mark"]
[Black "Gupta, Aashray"]
[Result "1-0"]
[WhiteElo "1811"]
[BlackElo "1155"]
[PlyCount "85"]
[EventDate "2009.06.06"]
[EventType "swiss"]
[EventRounds "6"]
[EventCountry "AUS"]
[SourceTitle "EXT 2023"]
[Source "ChessBase"]
[SourceDate "2022.10.05"]
[SourceVersion "1"]
[SourceVersionDate "2022.10.05"]
[SourceQuality "1"]

1. Nc3 c5 2. Nf3 d6 3. g3 Nf6 4. Bg2 Nc6 5. d3 a6 6. Bg5 e6 7. 0-0 Be7 8. a3 b5 9. e4 Bb7 10. e5 Ng4 11. Bxe7 Qxe7 12. exd6 Qxd6 13. h3 Nf6 14. Ng5 0-0 15. Nge4 Qe7 16. Nxf6+ Qxf6 17. Ne4 Qe7 18. Qh5 Nd4 19. c3 Nb3 20. Rad1 h6 21. Nd2 Nxd2 22. Rxd2 Bxg2 23. Kxg2 a5 24. d4 Rfd8 25. Rfd1 Rd5 26. Qe2 Qb7 27. Qf3 Rc8 28. dxc5 Rcxc5 29. Rxd5 Rxd5 30. Rxd5 Qxd5 31. Qxd5 exd5 32. Kf3 Kf8 33. Ke3 Ke7 34. Kd4 Kd6 35. b4 a4 36. f3 f5 37. h4 h5 38. Kd3 g6 39. Kd4 Ke6 40. Kc5 Ke5 41. Kxb5 d4 42. cxd4+ Kxd4 43. Kc6 1-0